Songs for Economic Justice: Fill in the blanks - Statistics

General Stats
  • This quiz has been taken 10 times
  • The average score is 7 of 10
Answer Stats
Artist Hint Answer % Correct
Charles Bradley Why Is It so H___ (to Make it in America) Hard
100%
Woody Guthrie This Land is Your L___ Land
100%
Florence Reece Which S___ are You On? Side
100%
Bruce Springsteen The Ghost of T__ Joad Tom
100%
James McMurtry We Can’t Make It H___ Here
78%
Margo Price P__ Gap Pay
78%
X The Have N___ Nots
67%
Alfred Hayes I D______ I Saw Joe Hill Last Night Dreamed
56%
Owen Lyman-Schmidt John H____ Henry
33%
Bob Marley Them B____ Full Bully
22%
No matching quizzes found
Score Distribution
Percent of People with Each Score
Percentile by Number Answered
Your Score History
You have not taken this quiz